[Event "British Columbia op"]
[Site "Burnaby CAN"]
[Date "2025.02.16"]
[Round "4.9"]
[White "Wu, Nicholas Pei-Chang"]
[Black "Gao, Justin"]
[Result "0-1"]
[WhiteElo "1838"]
[BlackElo "2017"]
[WhiteFideId "-1"]
[WhiteFideId "-1"]
[PlyCount "68"]
[GameId "2162699947413080"]
[EventDate "2025.02.15"]
[EventType "swiss"]
[EventRounds "6"]
[EventCountry "CAN"]

1. d4 Nf6 2. Bf4 d5 3. e3 e6 4. Nd2 Bd6 5. Bg3 O-O 6. Ngf3 c5 7. c3 Nc6 8. Bd3 b6 9. Ne5 Bb7 10. f4 Ne7 11. Qb1 c4 12. Bc2 b5 13. Bh4 Ng6 14. Bxf6 gxf6 15. Nxg6 fxg6 16. Bxg6 f5 17. Bxh7+ Kxh7 18. Nf3 Kg7 19. Ng5 Qf6 20. h4 Rh8 21. Qd1 Rag8 22. Qf3 Bc6 23. Kd2 a5 24. Rag1 b4 25. cxb4 Bxb4+ 26. Kc1 c3 27. b3 a4 28. Kc2 Ra8 29. Ra1 Ba3 30. Kxc3 Bb5 31. Kd2 Bb4+ 32. Kd1 axb3 33. a3 Bc3 34. Rb1 Rxa3 0-1

[Event "British Columbia op"]
[Site "Burnaby CAN"]
[Date "2025.02.16"]
[Round "4.10"]
[White "Fan, Henry"]
[Black "Xu, Andrew"]
[Result "0-1"]
[WhiteElo "1667"]
[BlackElo "1964"]
[WhiteFideId "-1"]
[WhiteFideId "-1"]
[PlyCount "76"]
[GameId "2162699947413081"]
[EventDate "2025.02.15"]
[EventType "swiss"]
[EventRounds "6"]
[EventCountry "CAN"]

1. Nf3 Nf6 2. g3 g6 3. b3 Bg7 4. Bb2 d5 5. Bg2 O-O 6. O-O c5 7. d4 Ne4 8. Nbd2 Nc6 9. e3 Bg4 10. Qc1 Nxd2 11. Qxd2 Rc8 12. Rab1 Bxf3 13. Bxf3 cxd4 14. exd4 e6 15. Rfd1 Qb6 16. a3 Ne7 17. Rbc1 Nf5 18. Bg4 Nd6 19. Bf3 Rc6 20. a4 a5 21. Ba3 Rfc8 22. Bxd6 Rxd6 23. Qe3 Qb4 24. Bg2 Rc3 25. Qd2 Rdc6 26. Bf1 Qb6 27. Bb5 Rc8 28. Kg2 h6 29. f3 Qc7 30. Bd3 Qb6 31. Bb5 Kh7 32. Qf2 Qc7 33. Bd3 e5 34. dxe5 Bxe5 35. f4 Bg7 36. Re1 d4 37. Re2 Rxd3 38. Rce1 Re3 0-1

[Event "British Columbia op"]
[Site "Burnaby CAN"]
[Date "2025.02.16"]
[Round "4.11"]
[White "Rathburn, Lia"]
[Black "Landingin, Jofrel"]
[Result "1-0"]
[WhiteElo "1913"]
[BlackElo "1693"]
[WhiteFideId "-1"]
[WhiteFideId "-1"]
[PlyCount "89"]
[GameId "2162699947413082"]
[EventDate "2025.02.15"]
[EventType "swiss"]
[EventRounds "6"]
[EventCountry "CAN"]

1. d3 e5 2. g3 d5 3. Bg2 c6 4. Nc3 Bb4 5. a3 Ba5 6. b4 Bc7 7. e3 Nf6 8. Bb2 Bg4 9. Qd2 h6 10. Nge2 O-O 11. h3 Be6 12. O-O Qc8 13. Kh2 Rd8 14. f4 Nh7 15. Na4 f6 16. Nc5 Bf7 17. h4 Be6 18. Nxe6 Qxe6 19. Bh3 Qe7 20. Qc3 a6 21. e4 Nd7 22. Qb3 Nb6 23. Rae1 Kh8 24. exd5 Nxd5 25. Nd4 Re8 26. Nf5 Qd8 27. c4 Ne7 28. fxe5 Nxf5 29. Rxf5 fxe5 30. d4 exd4 31. Rxe8+ Qxe8 32. Bxd4 Qe2+ 33. Rf2 Qe4 34. Qc3 Rg8 35. Rf7 Bxg3+ 36. Kxg3 Qg6+ 37. Kh2 Qxf7 38. Qc2 Re8 39. Bf5 Nf6 40. Bg6 Qc7+ 41. Kg2 Rd8 42. Qf2 Ng4 43. Qf3 Qd7 44. Bc3 Qd1 45. Bxg7+ 1-0

[Event "British Columbia op"]
[Site "Burnaby CAN"]
[Date "2025.02.16"]
[Round "4.12"]
[White "Li, Aaron"]
[Black "Yin, Andrew"]
[Result "0-1"]
[WhiteElo "1632"]
[BlackElo "1910"]
[WhiteFideId "-1"]
[WhiteFideId "-1"]
[PlyCount "76"]
[GameId "2162699947413083"]
[EventDate "2025.02.15"]
[EventType "swiss"]
[EventRounds "6"]
[EventCountry "CAN"]

1. d4 d5 2. c4 c6 3. Nc3 Nf6 4. Nf3 e6 5. g3 Nbd7 6. cxd5 exd5 7. Bf4 Nb6 8. Bg2 Bd6 9. Bxd6 Qxd6 10. Ne5 Bf5 11. O-O O-O 12. Re1 Rad8 13. Qb3 Nfd7 14. Nxd7 Rxd7 15. Rad1 Qf6 16. a4 Re8 17. a5 Nc8 18. e4 dxe4 19. Nxe4 Bxe4 20. Bxe4 Nd6 21. Qd3 Nxe4 22. Rxe4 Red8 23. Qe3 g6 24. Qh6 Qg7 25. Qe3 Qf6 26. Qh6 Rd6 27. f4 Re6 28. Re5 Rxe5 29. fxe5 Qf3 30. Rd2 Qe4 31. Qf4 Qd5 32. Rf2 Rd7 33. Qh6 Qxa5 34. Kg2 Rxd4 35. b4 Qxe5 36. Qc1 Qd5+ 37. Kh3 Rxb4 38. Qe1 Re4 0-1

[Event "British Columbia op"]
[Site "Burnaby CAN"]
[Date "2025.02.16"]
[Round "4.13"]
[White "Harms, Reece"]
[Black "Karthikeyan, Harishkumar"]
[Result "0-1"]
[WhiteElo "2087"]
[BlackElo "1809"]
[WhiteFideId "-1"]
[WhiteFideId "-1"]
[PlyCount "108"]
[GameId "2162699947413084"]
[EventDate "2025.02.15"]
[EventType "swiss"]
[EventRounds "6"]
[EventCountry "CAN"]

1. d4 d5 2. c4 e6 3. Nc3 Nf6 4. cxd5 exd5 5. Bg5 c6 6. e3 h6 7. Bh4 Be7 8. Bd3 O-O 9. Nge2 Nbd7 10. O-O Re8 11. Qc2 Nh5 12. Bg3 Nxg3 13. Nxg3 Nb6 14. Bh7+ Kh8 15. Bf5 Nc4 16. Nce2 Nd6 17. Bxc8 Qxc8 18. Nf4 Bg5 19. Nd3 Bh4 20. Ne2 Qf5 21. Qd1 a5 22. Ne5 Bf6 23. Ng3 Qe6 24. f4 Kg8 25. Rf3 Nf5 26. Qd3 Nxg3 27. hxg3 Bd8 28. a4 f6 29. f5 Qe7 30. Ng6 Qe4 31. Qb3 Rb8 32. Kf2 Bc7 33. Qc3 Bd6 34. Rd1 Rec8 35. Rc1 b6 36. Qc2 Qe8 37. g4 c5 38. Qb3 Qf7 39. Ke2 cxd4 40. Rxc8+ Rxc8 41. Qxb6 Bc5 42. Qxa5 dxe3 43. Qa6 Rb8 44. b4 Bxb4 45. Rxe3 d4 46. Re6 Qc7 47. Qc6 d3+ 48. Kf3 Qxc6+ 49. Rxc6 Re8 50. Re6 Rd8 51. Ne7+ Bxe7 52. Re1 d2 53. Rd1 Bb4 54. g5 hxg5 0-1

[Event "British Columbia op"]
[Site "Burnaby CAN"]
[Date "2025.02.16"]
[Round "4.14"]
[White "Mohammed Qanee, Arpak Worya"]
[Black "Yuan, Jaydon"]
[Result "1-0"]
[WhiteElo "2062"]
[BlackElo "1800"]
[WhiteFideId "-1"]
[WhiteFideId "-1"]
[PlyCount "37"]
[GameId "2162699947413085"]
[EventDate "2025.02.15"]
[EventType "swiss"]
[EventRounds "6"]
[EventCountry "CAN"]

1. e4 e5 2. Nf3 Nc6 3. d4 d5 4. Bb5 dxe4 5. Nxe5 Bd7 6. Bxc6 Bxc6 7. Nc3 Ne7 8. Be3 f5 9. g4 Qd6 10. gxf5 Nxf5 11. Qg4 Ne7 12. O-O-O g6 13. Nxc6 Qxc6 14. d5 Qd7 15. Qxe4 a6 16. Rhe1 O-O-O 17. Qd4 Rg8 18. Qa7 Qd6 19. Ne4 1-0

[Event "British Columbia op"]
[Site "Burnaby CAN"]
[Date "2025.02.16"]
[Round "4.15"]
[White "Taylor, Ashton"]
[Black "Lin, Michael"]
[Result "1/2-1/2"]
[WhiteElo "2061"]
[BlackElo "1794"]
[WhiteFideId "-1"]
[WhiteFideId "-1"]
[PlyCount "210"]
[GameId "2162699947413086"]
[EventDate "2025.02.15"]
[EventType "swiss"]
[EventRounds "6"]
[EventCountry "CAN"]

1. d4 d5 2. c4 e6 3. Nf3 a6 4. g3 dxc4 5. Bg2 Nf6 6. O-O Nbd7 7. Qc2 Be7 8. a4 O-O 9. Nbd2 c5 10. Nxc4 Nb6 11. Be3 Nxc4 12. Qxc4 Qd5 13. Qc1 cxd4 14. Bxd4 Bd7 15. Rd1 Rac8 16. Qf4 Qc6 17. Ne5 Qc2 18. Nxd7 Nxd7 19. Bxb7 Rc4 20. Be4 Qb3 21. Bd3 Rxa4 22. Qe3 Qb4 23. Bc3 Rxa1 24. Rxa1 Qb3 25. Qe4 g6 26. Bc4 Qb8 27. Qd4 Nf6 28. Rxa6 Rd8 29. Qa7 Qxa7 30. Rxa7 Bc5 31. Ra1 Ne4 32. Be1 Bd4 33. Bd3 Nc5 34. Bc3 Nxd3 35. exd3 Bxc3 36. bxc3 Rxd3 37. Ra8+ Kg7 38. Rc8 Kf6 39. Rc7 h5 40. h4 Rf3 41. Kg2 Rd3 42. c4 Rc3 43. c5 Kg7 44. Rc8 Kf6 45. Rc7 Kg7 46. Kf1 Rc2 47. c6 Kf6 48. Ke1 Rc5 49. Ke2 Rc2+ 50. Kd3 Rc1 51. f3 Rc5 52. Rc8 Ke7 53. Kd4 Rc1 54. c7 Rd1+ 55. Ke4 Rc1 56. Kf4 Rc5 57. g4 Kf6 58. gxh5 gxh5 59. Ke4 Rc4+ 60. Kd3 Rc5 61. Ke3 Rc4 62. Kd2 Rc5 63. Ke1 Rc2 64. Kd1 Rc3 65. Ke2 Rc6 66. Kf2 Rc2+ 67. Kg3 Rc3 68. Kg2 Rc4 69. Kf2 Rc2+ 70. Ke3 Rc3+ 71. Kf4 Rc4+ 72. Kg3 Rc3 73. Rh8 Rxc7 74. Rxh5 Rc1 75. Rb5 Kg6 76. Rg5+ Kf6 77. Ra5 Kg6 78. Ra8 Rc5 79. Rg8+ Kh7 80. Rg4 Rf5 81. Kf2 Kh6 82. Ke3 Re5+ 83. Kf4 Rf5+ 84. Kg3 Kh7 85. f4 Kh6 86. Rg8 Kh7 87. Re8 Kg7 88. Kg4 Kg6 89. Rg8+ Kh7 90. Rd8 Kg6 91. Rd6 Kh6 92. Rd1 Rf6 93. Re1 Rg6+ 94. Kf3 Kh5 95. Re2 Rg1 96. Rh2 Rg4 97. Ke4 f6 98. Ra2 Kxh4 99. Ra6 Kg3 100. Ra3+ Kh4 101. Ra6 Rg1 102. Rxe6 Re1+ 103. Kf5 Rxe6 104. Kxe6 Kg4 105. Kxf6 Kxf4 1/2-1/2

[Event "British Columbia op"]
[Site "Burnaby CAN"]
[Date "2025.02.16"]
[Round "4.16"]
[White "Zhu, Daniel"]
[Black "Yang, Henry"]
[Result "1/2-1/2"]
[WhiteElo "1821"]
[BlackElo "2040"]
[WhiteFideId "-1"]
[WhiteFideId "-1"]
[PlyCount "171"]
[GameId "2162699947413087"]
[EventDate "2025.02.15"]
[EventType "swiss"]
[EventRounds "6"]
[EventCountry "CAN"]

1. d4 Nf6 2. Nf3 e6 3. Bf4 c5 4. e3 cxd4 5. exd4 b6 6. c3 Be7 7. Nbd2 O-O 8. Bd3 Ba6 9. Bxa6 Nxa6 10. O-O Nc7 11. h3 Ncd5 12. Bh2 b5 13. Re1 Qb6 14. Ne4 Nxe4 15. Rxe4 Rfc8 16. Qb3 d6 17. Rae1 Qc6 18. Nd2 Bf8 19. Qd1 Nf6 20. Rh4 a5 21. Qc2 h6 22. Rf4 d5 23. Nf3 b4 24. Ne5 Qc7 25. Re3 Bd6 26. Rh4 bxc3 27. bxc3 Rab8 28. Rf3 Qb6 29. Bg3 Qb1+ 30. Qxb1 Rxb1+ 31. Kh2 Bxe5 32. Bxe5 Nd7 33. Rg3 f6 34. Bd6 Kf7 35. Rf4 Ra1 36. c4 dxc4 37. Rc3 Nb6 38. Rc2 Nd5 39. Rf3 c3 40. a3 Rd8 41. Bc5 Rb8 42. Bd6 Rb2 43. Rfxc3 Raa2 44. Rxb2 Rxb2 45. Rf3 a4 46. g3 Rb3 47. Kg2 Ke8 48. g4 g6 49. Rg3 g5 50. Kf1 Rxg3 51. fxg3 Kf7 52. Ke2 Kg6 53. Kf3 h5 54. gxh5+ Kxh5 55. g4+ Kg6 56. Ke4 Kf7 57. Bc5 Ke8 58. Bd6 Kd7 59. Bg3 Nc3+ 60. Kd3 Nb5 61. Kc4 Nxa3+ 62. Kb4 Nc2+ 63. Kxa4 Nxd4 64. Kb4 Ne2 65. Bh2 e5 66. Kc4 Ke6 67. Kd3 Nd4 68. Ke4 Nb5 69. Bg3 Nd6+ 70. Kd3 Nf7 71. Ke4 Nd6+ 72. Kd3 Kd5 73. h4 Nf7 74. hxg5 fxg5 75. Bf2 e4+ 76. Kc2 Nd8 77. Be3 Ne6 78. Bd2 Nf4 79. Be3 Ne6 80. Bd2 Nf4 81. Be3 Ne2 82. Kd2 Nd4 83. Kc3 Ne6 84. Bd2 Nf4 85. Be3 Ne6 86. Bd2 1/2-1/2

[Event "British Columbia op"]
[Site "Burnaby CAN"]
[Date "2025.02.16"]
[Round "4.17"]
[White "Xu, Joey"]
[Black "Zhang, Kai Zhongkai"]
[Result "1/2-1/2"]
[WhiteElo "1811"]
[BlackElo "1937"]
[WhiteFideId "-1"]
[WhiteFideId "-1"]
[PlyCount "153"]
[GameId "2162699947413088"]
[EventDate "2025.02.15"]
[EventType "swiss"]
[EventRounds "6"]
[EventCountry "CAN"]

1. c4 e6 2. g3 Nf6 3. Bg2 d5 4. Nf3 Bd6 5. O-O O-O 6. b3 c6 7. Bb2 Nbd7 8. d4 Qe7 9. Nbd2 e5 10. dxe5 Nxe5 11. cxd5 cxd5 12. Nd4 Bd7 13. Rc1 Rac8 14. Rxc8 Rxc8 15. Qa1 Nc6 16. N2f3 Nxd4 17. Bxd4 Bc5 18. Bxf6 Qxf6 19. Qxf6 gxf6 20. Rd1 Be6 21. e3 Bb6 22. h4 Rc2 23. Rd2 Rc1+ 24. Kh2 Ba5 25. Rb2 Bc3 26. Re2 Bf5 27. a4 Ra1 28. e4 Bxe4 29. Ng1 Bxg2 30. Kxg2 Rb1 31. Re8+ Kg7 32. Rd8 d4 33. Ne2 Rxb3 34. Nxd4 Bxd4 35. Rxd4 a6 36. Rd7 Rb4 37. a5 Rb5 38. Rc7 Rxa5 39. Rxb7 Ra2 40. Rb6 a5 41. Ra6 a4 42. Ra7 a3 43. Ra6 Ra1 44. Ra7 h5 45. Ra5 Kg6 46. Ra6 Kf5 47. Ra5+ Kg6 48. Kh2 a2 49. Kg2 Kg7 50. Ra8 Kh6 51. Ra5 Kg6 52. Ra8 Kf5 53. Ra4 Ke5 54. Ra5+ Ke4 55. Ra8 Kd4 56. Ra7 Kc5 57. Ra8 Kb6 58. Kh2 Kc5 59. Kg2 Kd4 60. Rd8+ Kc3 61. Rc8+ Kb4 62. Rb8+ Kc5 63. Ra8 Kb6 64. Kh2 Kb7 65. Ra3 Kc6 66. Kg2 Kc5 67. Ra8 Kd4 68. Ra7 Ke4 69. Re7+ Kd4 70. Ra7 Kc3 71. Rc7+ Kb2 72. Rb7+ Ka3 73. Ra7+ Kb4 74. Ra8 Kc5 75. Kh2 Kd4 76. Kg2 Ke4 77. Ra4+ 1/2-1/2

[Event "British Columbia op"]
[Site "Burnaby CAN"]
[Date "2025.02.16"]
[Round "4.18"]
[White "Suresh, Barath Subramanian"]
[Black "Yu, Ryan Bole"]
[Result "1-0"]
[WhiteElo "1805"]
[BlackElo "1897"]
[WhiteFideId "-1"]
[WhiteFideId "-1"]
[PlyCount "115"]
[GameId "2162699947413089"]
[EventDate "2025.02.15"]
[EventType "swiss"]
[EventRounds "6"]
[EventCountry "CAN"]

1. e4 c6 2. d4 d5 3. e5 Bf5 4. Nf3 e6 5. Be2 c5 6. Be3 Qb6 7. Nc3 Nc6 8. Na4 Qa5+ 9. c3 cxd4 10. Nxd4 Nge7 11. f4 Nxd4 12. Bxd4 Nc6 13. Be3 Rc8 14. O-O Be7 15. b3 b5 16. Nc5 Qxc3 17. Qc1 Nd4 18. Bh5 Rxc5 19. Qxc3 Rxc3 20. Bxd4 Bc5 21. Bxc5 Rxc5 22. Rac1 Rxc1 23. Rxc1 Kd7 24. Be2 a6 25. a4 Rc8 26. Rxc8 Kxc8 27. axb5 axb5 28. Bxb5 Kb7 29. b4 Kb6 30. Be8 f6 31. Kf2 d4 32. g3 Bd3 33. Bd7 fxe5 34. fxe5 Bc4 35. Kf3 Kc7 36. Ba4 Bd5+ 37. Ke2 Bc6 38. Bb3 Bb5+ 39. Kd2 Kd7 40. Ba2 Ke7 41. h4 g6 42. Bb3 h6 43. Bc2 g5 44. Bd3 Bc6 45. hxg5 hxg5 46. Ba6 Be4 47. Bc8 Bf5 48. Ba6 Kd7 49. Bd3 Bh3 50. Bc2 Kc7 51. Bb3 Bf5 52. Bc4 g4 53. Bd3 Kc6 54. b5+ Kd5 55. Bxf5 exf5 56. b6 f4 57. b7 fxg3 58. b8=Q 1-0

[Event "British Columbia op"]
[Site "Burnaby CAN"]
[Date "2025.02.16"]
[Round "4.19"]
[White "Zhang, Bicheng"]
[Black "Lu, Samuel"]
[Result "0-1"]
[WhiteElo "1786"]
[BlackElo "1885"]
[WhiteFideId "-1"]
[WhiteFideId "-1"]
[PlyCount "66"]
[GameId "2162699947413090"]
[EventDate "2025.02.15"]
[EventType "swiss"]
[EventRounds "6"]
[EventCountry "CAN"]

1. d4 Nf6 2. c4 e6 3. Nf3 d5 4. Nc3 c5 5. cxd5 exd5 6. g3 Nc6 7. Bg2 h6 8. O-O Be7 9. dxc5 Bxc5 10. e3 O-O 11. a3 a5 12. Nb5 Bg4 13. h3 Bh5 14. Nbd4 Nxd4 15. exd4 Bd6 16. g4 Bg6 17. Qb3 Qc7 18. Bd2 Be4 19. Rac1 Qd7 20. Ne5 Bxe5 21. dxe5 Bxg2 22. Kxg2 Ne4 23. Be3 a4 24. Qb6 Rfc8 25. Rfd1 Rxc1 26. Rxc1 Rc8 27. Rxc8+ Qxc8 28. Qa5 Qc6 29. Qd8+ Kh7 30. Qe7 d4 31. Bxd4 Nd2+ 32. Kg3 Nf1+ 33. Kf4 g5+ 0-1

[Event "British Columbia op"]
[Site "Burnaby CAN"]
[Date "2025.02.16"]
[Round "4.20"]
[White "Wu, Bowen"]
[Black "Lu, Karson"]
[Result "1/2-1/2"]
[WhiteElo "1880"]
[BlackElo "1733"]
[WhiteFideId "-1"]
[WhiteFideId "-1"]
[PlyCount "105"]
[GameId "2162699947413091"]
[EventDate "2025.02.15"]
[EventType "swiss"]
[EventRounds "6"]
[EventCountry "CAN"]

1. d4 d5 2. c4 c6 3. cxd5 cxd5 4. Bf4 Qb6 5. Nc3 e6 6. Qd2 Nc6 7. e3 Nf6 8. Bd3 Bd7 9. Nf3 Be7 10. O-O O-O 11. a3 Na5 12. Rab1 Nb3 13. Qe2 Rfc8 14. Nd2 Nxd2 15. Qxd2 Bd6 16. Bxd6 Qxd6 17. Rfc1 a6 18. Rc2 Rc7 19. Rbc1 Rac8 20. Ne2 Bc6 21. Nc3 Nd7 22. Na2 e5 23. Nb4 e4 24. Be2 f5 25. Nxc6 Rxc6 26. Rxc6 Rxc6 27. Rxc6 Qxc6 28. Qc3 Qxc3 29. bxc3 b5 30. Kf1 Nb6 31. Ke1 Kf7 32. Kd2 Nc4+ 33. Bxc4 bxc4 34. Kc2 g5 35. Kb2 h5 36. a4 a5 37. Kc2 h4 38. Kd2 Kg6 39. Ke2 Kh5 40. f3 Kg6 41. Kf2 exf3 42. Kxf3 g4+ 43. Kf2 Kf6 44. h3 Kg5 45. Ke2 f4 46. Kf2 fxe3+ 47. Kxe3 Kf5 48. hxg4+ Kxg4 49. Ke2 Kg3 50. Kf1 h3 51. gxh3 Kxh3 52. Kf2 Kg4 53. Kg2 1/2-1/2

[Event "British Columbia op"]
[Site "Burnaby CAN"]
[Date "2025.02.16"]
[Round "4.21"]
[White "Guo, Biaobiao Boyong"]
[Black "Leblanc, Paul"]
[Result "1-0"]
[WhiteElo "1895"]
[BlackElo "1814"]
[WhiteFideId "-1"]
[WhiteFideId "-1"]
[PlyCount "51"]
[GameId "2162699947413092"]
[EventDate "2025.02.15"]
[EventType "swiss"]
[EventRounds "6"]
[EventCountry "CAN"]

1. d4 d5 2. c4 c6 3. Nc3 Nf6 4. Nf3 e6 5. Bg5 Nbd7 6. e3 Qa5 7. Bxf6 Nxf6 8. a3 dxc4 9. Bxc4 Nd5 10. Rc1 Bd6 11. O-O O-O 12. Qd3 Nxc3 13. Rxc3 Qh5 14. e4 b5 15. Bb3 Bb7 16. e5 Be7 17. Nd2 a5 18. Qb1 Rfd8 19. Rh3 Qg6 20. Bc2 f5 21. exf6 Qxf6 22. Bxh7+ Kh8 23. Nf3 g5 24. Nxg5 Rxd4 25. Bf5+ Kg8 26. Bxe6+ 1-0

[Event "British Columbia op"]
[Site "Burnaby CAN"]
[Date "2025.02.16"]
[Round "4.22"]
[White "Lu, Aiden Hao-Ting"]
[Black "Yin, Aiden"]
[Result "0-1"]
[WhiteElo "1785"]
[BlackElo "1863"]
[WhiteFideId "-1"]
[WhiteFideId "-1"]
[PlyCount "130"]
[GameId "2162699947413093"]
[EventDate "2025.02.15"]
[EventType "swiss"]
[EventRounds "6"]
[EventCountry "CAN"]

1. e4 c5 2. Nf3 e6 3. c3 d5 4. e5 d4 5. Bb5+ Bd7 6. Bxd7+ Qxd7 7. d3 Nc6 8. Qe2 dxc3 9. bxc3 O-O-O 10. Kd2 Nge7 11. Rd1 Ng6 12. Ke1 Qc7 13. d4 cxd4 14. cxd4 Bb4+ 15. Kf1 h5 16. Ba3 Nf4 17. Qb2 Qb6 18. Bxb4 Nxb4 19. a3 Nbd5 20. Qxb6 Nxb6 21. Nc3 Kd7 22. Nb5 Nfd5 23. Nd6 Rhf8 24. Nxb7 Rb8 25. Nc5+ Ke7 26. Rdc1 Rfc8 27. Nd2 Nd7 28. Nde4 Nxc5 29. Nxc5 Rb2 30. Rab1 Rcb8 31. Rxb2 Rxb2 32. a4 Rb4 33. f3 Rxd4 34. Ke2 Nb6 35. a5 Rc4 36. Rb1 Rxc5 37. axb6 axb6 38. Rxb6 Rxe5+ 39. Kf2 Ra5 40. h4 Ra4 41. g3 e5 42. Ke3 Rd4 43. f4 f6 44. fxe5 fxe5 45. Rb7+ Kf6 46. Rb8 Kf5 47. Rf8+ Kg4 48. Re8 Kxg3 49. Rxe5 Rxh4 50. Rg5+ Rg4 51. Rxh5 g5 52. Rh1 Kg2 53. Rb1 Ra4 54. Rb2+ Kg3 55. Rb1 g4 56. Rb3 Rf4 57. Ke2+ Kg2 58. Ke1 g3 59. Rb2+ Kh1 60. Rb3 g2 61. Rh3+ Kg1 62. Rh7 Re4+ 63. Kd2 Kf2 64. Rf7+ Kg3 65. Rg7+ Rg4 0-1

[Event "British Columbia op"]
[Site "Burnaby CAN"]
[Date "2025.02.16"]
[Round "4.23"]
[White "Mingrone, Peter"]
[Black "Cheng, Peter Qian"]
[Result "1-0"]
[WhiteElo "1856"]
[BlackElo "1730"]
[WhiteFideId "-1"]
[WhiteFideId "-1"]
[PlyCount "113"]
[GameId "2162699947413094"]
[EventDate "2025.02.15"]
[EventType "swiss"]
[EventRounds "6"]
[EventCountry "CAN"]

1. e4 c6 2. d4 d5 3. Nd2 dxe4 4. Nxe4 Nf6 5. Nxf6+ gxf6 6. Nf3 Bg4 7. Be2 e6 8. c3 Bd6 9. Be3 Nd7 10. h3 Bh5 11. Qb3 Qb6 12. O-O O-O-O 13. Qxb6 axb6 14. g4 Rdg8 15. Kh1 Bg6 16. Nh4 c5 17. Nxg6 hxg6 18. Kg2 g5 19. Rh1 Nf8 20. Bd3 Kc7 21. a4 Ng6 22. Bxg6 Rxg6 23. b3 f5 24. f3 Re8 25. Bf2 Rgg8 26. Rhe1 Kc6 27. Ra2 fxg4 28. fxg4 Rc8 29. c4 Rcd8 30. Rd1 cxd4 31. Rxd4 Bf4 32. Re4 Rd3 33. b4 e5 34. Re1 Rh8 35. Rh1 e4 36. Re2 e3 37. Bg3 Rd4 38. Rc1 Rhd8 39. Kf3 Bxg3 40. Kxg3 Re8 41. Rc3 Ree4 42. Rexe3 Rxe3+ 43. Rxe3 Rxc4 44. Rf3 Rxb4 45. Rf6+ Kd5 46. Rxf7 Rxa4 47. Rf5+ Ke6 48. Rxg5 Rb4 49. Rg7 b5 50. Rxb7 Rb1 51. Kh4 b4 52. Kg5 b3 53. h4 Rb2 54. h5 Rb1 55. h6 b2 56. h7 Rh1 57. Kg6 1-0

[Event "British Columbia op"]
[Site "Burnaby CAN"]
[Date "2025.02.16"]
[Round "4.24"]
[White "Zheng, Yanchen"]
[Black "Sen, Arya Volkan"]
[Result "0-1"]
[WhiteElo "1847"]
[BlackElo "1582"]
[WhiteFideId "-1"]
[WhiteFideId "-1"]
[PlyCount "84"]
[GameId "2162699947413095"]
[EventDate "2025.02.15"]
[EventType "swiss"]
[EventRounds "6"]
[EventCountry "CAN"]

1. c4 g6 2. g3 Bg7 3. Bg2 c6 4. d4 d5 5. Nf3 Nf6 6. O-O O-O 7. b3 Qb6 8. cxd5 cxd5 9. Nc3 Bd7 10. Ne5 e6 11. e4 Nc6 12. Be3 Qb4 13. Qd2 Nxe5 14. dxe5 Ng4 15. a3 Qe7 16. exd5 Bxe5 17. Bd4 Bxd4 18. Qxd4 e5 19. d6 Qe6 20. Qd5 Rac8 21. Rac1 b6 22. Rfe1 Rc5 23. Qb7 Rfc8 24. Qf3 Qxb3 25. Ne2 Qxf3 26. Bxf3 Rxc1 27. Rxc1 Rxc1+ 28. Nxc1 Nh6 29. Bd5 Kf8 30. Nd3 f6 31. f4 exf4 32. Nxf4 Nf5 33. Kf2 Nxd6 34. Bb3 Kg7 35. h4 Ne4+ 36. Kg2 Bc6 37. Ne6+ Kh6 38. Kh3 Bd7 39. g4 g5 40. Nf8 Bc8 41. hxg5+ Nxg5+ 42. Kg3 Kg7 0-1

[Event "British Columbia op"]
[Site "Burnaby CAN"]
[Date "2025.02.16"]
[Round "4.25"]
[White "Radic, Dejan"]
[Black "Mu, Shaunavon"]
[Result "0-1"]
[WhiteElo "1707"]
[BlackElo "1844"]
[WhiteFideId "-1"]
[WhiteFideId "-1"]
[PlyCount "50"]
[GameId "2162699947421288"]
[EventDate "2025.02.15"]
[EventType "swiss"]
[EventRounds "6"]
[EventCountry "CAN"]

1. e4 c5 2. Nc3 a6 3. g3 b5 4. Bg2 Bb7 5. Nge2 e6 6. O-O Nf6 7. d3 d5 8. exd5 exd5 9. Re1 Be7 10. Nf4 b4 11. Na4 O-O 12. Nb6 Ra7 13. Na4 Bc6 14. c3 Qa5 15. b3 bxc3 16. Ba3 d4 17. Rxe7 Rxe7 18. Bxc5 Rfe8 19. Bxe7 Rxe7 20. Bxc6 Nxc6 21. Qf3 Nb4 22. Ne2 Qe5 23. Nf4 c2 24. Kf1 g5 25. Ng2 Nxa2 0-1

[Event "British Columbia op"]
[Site "Burnaby CAN"]
[Date "2025.02.16"]
[Round "4.26"]
[White "Armstrong, David"]
[Black "Zhu, Aiden"]
[Result "1-0"]
[WhiteElo "1825"]
[BlackElo "1627"]
[WhiteFideId "-1"]
[WhiteFideId "-1"]
[PlyCount "127"]
[GameId "2162699947421289"]
[EventDate "2025.02.15"]
[EventType "swiss"]
[EventRounds "6"]
[EventCountry "CAN"]

1. e4 c5 2. Nf3 d6 3. d4 cxd4 4. Qxd4 Nc6 5. Bb5 Bd7 6. Bxc6 Bxc6 7. Nc3 Nf6 8. Bg5 e5 9. Qd3 Be7 10. Bxf6 Bxf6 11. O-O-O Qb6 12. Qe2 O-O-O 13. Nd5 Qb5 14. Rhe1 Qxe2 15. Rxe2 Bxd5 16. Rxd5 Kd7 17. Red2 Ke6 18. Rd1 Rd7 19. Ng1 Rc8 20. Ne2 Bg5+ 21. Kb1 Rc5 22. Nc3 b6 23. R5d3 b5 24. a3 a5 25. Rd5 b4 26. axb4 axb4 27. Na2 Rc4 28. f3 b3 29. cxb3 Rc6 30. b4 Be3 31. b5 Rc4 32. R5d3 Bd4 33. Rb3 Rb7 34. Nc1 Rc5 35. Ne2 Bf2 36. Rf1 Bd4 37. Rd1 Bf2 38. Rbd3 Rb6 39. Nc3 Rc4 40. b3 Rd4 41. Nd5 Rb8 42. Rxd4 Bxd4 43. Rc1 Bc5 44. b4 Bb6 45. Rc6 Bd8 46. b6 Kd7 47. b5 h6 48. Kb2 g6 49. Kb3 Rc8 50. Rc7+ Bxc7 51. bxc7 Rxc7 52. Nxc7 Kxc7 53. Kc4 f5 54. Kd5 fxe4 55. fxe4 g5 56. g4 Kb6 57. Kxd6 Kxb5 58. Kxe5 Kc4 59. Kf6 Kd4 60. e5 Ke4 61. e6 Kf4 62. e7 Kxg4 63. e8=Q Kh4 64. Qe3 1-0

[Event "British Columbia op"]
[Site "Burnaby CAN"]
[Date "2025.02.16"]
[Round "4.27"]
[White "Laha, Joydeep"]
[Black "Zaruev, Timur"]
[Result "1-0"]
[WhiteElo "1638"]
[BlackElo "1902"]
[WhiteFideId "-1"]
[WhiteFideId "-1"]
[PlyCount "57"]
[GameId "2162699947421290"]
[EventDate "2025.02.15"]
[EventType "swiss"]
[EventRounds "6"]
[EventCountry "CAN"]

1. e4 e5 2. Nf3 Nc6 3. Bc4 Bc5 4. O-O Nf6 5. d4 Bxd4 6. Nxd4 Nxd4 7. Bg5 h6 8. Bh4 d6 9. f4 Nc6 10. Bd5 exf4 11. Bxc6+ bxc6 12. Rxf4 g5 13. Qd4 c5 14. Qc3 gxh4 15. Rxf6 Rg8 16. Nd2 Be6 17. Re1 Qe7 18. Nf3 h3 19. g3 Rg6 20. Rxg6 fxg6 21. Nh4 O-O-O 22. Nxg6 Qf7 23. Nf4 Rf8 24. e5 Bd5 25. exd6 cxd6 26. Qd3 Ba8 27. Qxd6 Re8 28. Qxc5+ Kb8 29. Qb5+ 1-0

[Event "British Columbia op"]
[Site "Burnaby CAN"]
[Date "2025.02.16"]
[Round "4.28"]
[White "Daniel, Kyle"]
[Black "Yang, Nathan Yi-Hsin"]
[Result "1-0"]
[WhiteElo "1798"]
[BlackElo "1823"]
[WhiteFideId "-1"]
[WhiteFideId "-1"]
[PlyCount "125"]
[GameId "2162699947421291"]
[EventDate "2025.02.15"]
[EventType "swiss"]
[EventRounds "6"]
[EventCountry "CAN"]

1. d4 d5 2. Nc3 c6 3. Bf4 Nf6 4. e3 e6 5. Nf3 Bb4 6. Bd3 Nbd7 7. O-O O-O 8. Ne5 Re8 9. Qf3 Bf8 10. Qh3 g6 11. Bg5 Bg7 12. Ne2 Qb6 13. a4 Nxe5 14. dxe5 Nd7 15. f4 f6 16. exf6 Nxf6 17. Qf3 Nd7 18. Kh1 Qc7 19. c3 e5 20. e4 dxe4 21. Qxe4 Kh8 22. Qf3 Nc5 23. Bc2 Be6 24. fxe5 Bd5 25. Qh3 Ne4 26. Bf4 Bxe5 27. Bxe5+ Qxe5 28. Nf4 Bf7 29. Nd3 Qg7 30. Rae1 Re7 31. Kg1 Rae8 32. Qe3 Bd5 33. Qxa7 Qh6 34. Qe3 Qxe3+ 35. Rxe3 Nd2 36. Rxe7 Rxe7 37. Re1 Rxe1+ 38. Nxe1 Nc4 39. b4 Ne3 40. Bd3 Bb3 41. a5 Nd1 42. c4 Nb2 43. c5 Nxd3 44. Nxd3 Kg7 45. Kf2 Kf6 46. Ke3 Bc4 47. Nf2 Ba6 48. h4 h6 49. g4 g5 50. Ne4+ Kg6 51. h5+ Kg7 52. Nd6 Kf6 53. Nf5 Bc4 54. Nxh6 Be6 55. Kd4 Bc8 56. Ke4 Be6 57. Nf5 Bc4 58. Nd6 Be2 59. Nxb7 Bxg4 60. a6 Bc8 61. Nd8 Bxa6 62. Nxc6 g4 63. Kf4 1-0